|
|
|
|
| LEADER |
00778nam a2200325 a 4500 |
| 001 |
000021713 |
| 003 |
SVKKK |
| 005 |
20070122103822.0 |
| 008 |
030616c1989 xo e sloo |
| FMT |
|
|
|
| 038 |
|
|
|a SVKKK
|
| 040 |
|
|
|a SVKKK
|b slo
|e AACR2
|
| 041 |
0 |
|
|a slo
|
| 044 |
|
|
|a xo
|
| 080 |
|
|
|a 392.
|2 1981
|
| 100 |
1 |
|
|a Bačová, Viera
|4 com
|
| 245 |
1 |
0 |
|a Postavenie cigánskej rodiny v Košiciach :
|b analytický prehľad /
|c Bačová Viera
|
| 260 |
|
|
|a Košice :
|b SVÚ SAV,
|c 1989
|
| 300 |
|
|
|a 64 s.
|
| 650 |
0 |
4 |
|a rodina rómska
|x spôsob života
|z Košice
|x štúdie
|
| 957 |
|
|
|a Bardejov(okres)
|
| 957 |
|
|
|a Košice
|
| 958 |
|
|
|a NP
|
| 958 |
|
|
|a RQ
|
| 958 |
|
|
|a SV
|
| 974 |
|
|
|d 940512
|a KKá
|
| 992 |
|
|
|a AVS
|
| BAS |
|
|
|
| 852 |
|
|
|a SVKKK
|b BIB
|
| 998 |
|
|
|a ROM
|